| 000 | 00860nam a2200277 i 4500 | ||
|---|---|---|---|
| 001 | 148595 | ||
| 003 | ES-MaACL | ||
| 005 | 20250803050542.0 | ||
| 007 | t| | ||
| 008 | 070214s1979 sp r ||||1| spa d | ||
| 020 | _a84-7339-190-X | ||
| 100 | 1 |
_aStruve, Vasiliï Vasil'evich. _9108476 |
|
| 245 | 1 | 0 |
_aHistoria de la antigua Grecia / _cV.V. Struve ; [traducción, M. Caplan ; prólogo y edición, Alberto M. Prieto]. |
| 250 | _a3ª ed. corr. y aum. | ||
| 260 |
_a[Madrid] : _bAkal, _c1979. |
||
| 300 |
_a892 p. : _b4 map. ; _c23 cm. |
||
| 490 | 1 | _aTextos | |
| 504 | _aBibliografía: p. 881-886. | ||
| 650 | 7 |
_aHistoria antigua _2embne _913385 |
|
| 651 | 4 |
_aGrecia- _xHistoria. _98777 |
|
| 700 | 1 |
_aCaplan, M. _934857 |
|
| 700 | 1 |
_aPrieto, Alberto M. _993873 |
|
| 830 | 1 |
_aTextos _9179017 |
|
| 852 |
_aES-MaACL _jA-10567 |
||
| 999 |
_c148595 _d148595 |
||